|
|
|
|
| LEADER |
00000nab a2200000 a 4500 |
| 001 |
vtls000737829 |
| 003 |
SK-MaSNL |
| 005 |
20260305005214.0 |
| 008 |
040806s1999 xo 0 eng |
| 015 |
|
|
|a SNBRJ2000/02-00346
|
| 035 |
|
|
|a CLN000089695
|
| 040 |
|
|
|a SNKBUCL
|b slo
|c SNKBUCL
|e AACR2
|
| 041 |
0 |
|
|a slo
|
| 044 |
|
|
|a xo
|c SK
|
| 080 |
|
|
|a 784.66:785.1(086.7)
|2 UDC-MRF-SK2
|
| 080 |
|
|
|a 785.1
|2 UDC-MRF-SK2
|
| 100 |
1 |
|
|a Andersson, Benny,
|d 1946-
|4 cmp
|4 lyr
|9 262866
|
| 245 |
1 |
0 |
|a Abba Medly
|c hudba, text Benny Anderson, S. Anderson, B. Ulaveus
|h zvukový dokument
|
| 300 |
|
|
|a Stereo
|
| 511 |
1 |
|
|a Spievajú Eva-Mária Uhríková, Miroslav Švába, Adriana Jakúbeková, Jana Procházková
|
| 511 |
0 |
|
|a Hrá Big Band Aus
|
| 650 |
0 |
7 |
|a populárna hudba
|x platne kompaktné
|2 snkbucl
|9 283660
|
| 655 |
|
7 |
|a RZJ
|2 snkbucl
|9 910345
|
| 700 |
1 |
|
|a Anderson, S.
|4 cmp
|4 lyr
|9 1583780
|
| 700 |
1 |
|
|a Ulaveus, B.
|4 cmp
|4 lyr
|9 1583781
|
| 700 |
1 |
|
|a Švába, Miroslav
|4 roz
|9 19458
|
| 700 |
1 |
|
|a Uhríková, Eva Mária,
|d 1955-2007
|4 roz
|9 372084
|
| 700 |
1 |
|
|a Procházková, Jana
|4 roz
|9 5051
|
| 700 |
1 |
|
|a Jakúbeková, Adriana
|4 roz
|9 461049
|
| 710 |
0 |
|
|a Big Band Aus hudobná skupina
|4 uci
|9 911656
|
| 773 |
0 |
|
|w SK01SNK20000339420
|t Big Band Aus
|d Bratislava : Rádio Bratislava, 1999
|g kompaktná platňa s. 1., skladba 15
|
| 850 |
|
|
|a Slovenská národná knižnica v Martine
|
| 852 |
|
|
|a SNK
|b KIS3GCP
|
| 999 |
|
|
|c 3239261
|d 3241191
|